[Event "Perth op"]
[Site "Perth"]
[Date "2023.01.07"]
[Round "9"]
[White "Knight, Charles"]
[Black "Feldblyum, Alexandr"]
[Result "0-1"]
[WhiteElo "1280"]
[BlackElo "1117"]
[PlyCount "76"]
[EventDate "2023.01.02"]
[EventType "swiss"]
[EventRounds "11"]
[EventCountry "AUS"]
[SourceTitle "CBM 212 Extra"]
[Source "ChessBase"]
[SourceDate "2023.03.31"]
[SourceVersion "1"]
[SourceVersionDate "2023.03.31"]
[SourceQuality "1"]

1. e4 c6 2. d4 d5 3. f3 dxe4 4. fxe4 e5 5. Nf3 exd4 6. Bc4 Nf6 7. Bg5 h6 8. Bxf6 Qxf6 9. 0-0 Bc5 10. Bxf7+ Qxf7 11. Ne5 d3+ 12. Kh1 dxc2 13. Qd8+ Kxd8 14. Nxf7+ Ke8 15. Nxh8 cxb1Q 16. Raxb1 Be6 17. b3 Nd7 18. Ng6 Bf7 19. Nh4 g6 20. Nf3 Ke7 21. b4 Bd6 22. a3 Ne5 23. Nxe5 Bxe5 24. Rbd1 Be6 25. h3 a5 26. bxa5 Rxa5 27. Rf3 c5 28. Kg1 c4 29. Kf1 c3 30. Rc1 Rxa3 31. Ke1 b5 32. Rc2 b4 33. Ke2 Bc4+ 34. Ke1 Ra1+ 35. Kf2 Rf1+ 36. Ke3 Rxf3+ 37. gxf3 g5 38. h4 b3 0-1

[Event "Perth op"]
[Site "Perth"]
[Date "2023.01.04"]
[Round "4"]
[White "Knight, Charles"]
[Black "Sheth, Adidev"]
[Result "1-0"]
[WhiteElo "1280"]
[BlackElo "569"]
[PlyCount "139"]
[EventDate "2023.01.02"]
[EventType "swiss"]
[EventRounds "11"]
[EventCountry "AUS"]
[SourceTitle "CBM 212 Extra"]
[Source "ChessBase"]
[SourceDate "2023.03.31"]
[SourceVersion "1"]
[SourceVersionDate "2023.03.31"]
[SourceQuality "1"]

1. e4 d5 2. exd5 Qxd5 3. Nc3 Qa5 4. d4 Nf6 5. Nf3 c6 6. Bd3 Bg4 7. 0-0 Qh5 8. Be2 e6 9. Ne5 Bxe2 10. Qxe2 Qxe2 11. Nxe2 Bd6 12. Be3 0-0 13. c4 Bxe5 14. dxe5 Ng4 15. Bd4 Nh6 16. Rad1 Na6 17. Ng3 b6 18. Ne4 c5 19. Bc3 Nf5 20. Nd6 Nxd6 21. exd6 Rad8 22. Rd3 f6 23. Re1 e5 24. a3 Rd7 25. b4 Rfd8 26. Red1 Kf7 27. h4 Ke6 28. b5 Nb8 29. f4 Rxd6 30. Rxd6+ Rxd6 31. Rxd6+ Kxd6 32. fxe5+ fxe5 33. Kf2 a6 34. a4 a5 35. Ke3 Nd7 36. Ke4 g6 37. g3 Nf6+ 38. Kf3 Ke6 39. g4 e4+ 40. Kf4 e3 41. g5 Nh5+ 42. Kxe3 Kf5 43. Kf3 Nf4 44. Bf6 Nd3 45. Bd8 Nb2 46. Bxb6 Nxa4 47. Bxa5 Ke5 48. b6 Nxb6 49. Bxb6 Kd4 50. Kf4 Kxc4 51. Ke5 Kb4 52. Kf6 c4 53. Kg7 c3 54. Kxh7 c2 55. Be3 Kb3 56. Kxg6 Kb2 57. h5 c1Q 58. Bxc1+ Kxc1 59. h6 Kd2 60. h7 Ke3 61. h8Q Ke4 62. Qf6 Kd3 63. Qe5 Kc2 64. Qd4 Kb3 65. Kf5 Kc2 66. Ke4 Kb3 67. Kd3 Ka2 68. Qb6 Ka1 69. Kc2 Ka2 70. Qa6# 1-0